000 00538nam a2200145Ia 4500
008 151213s9999 xx 000 0 und d
100 _aআব্দুল গণি হাজারী।
245 _aসূর্যের সিড়ি।
_cআব্দুল গণি হাজারী।
260 _aঢাকা
_bসু - প্রকাশ গ্রন্থ।
_c1965
300 _a8508 p.
650 _aBangla
650 _aBengali Literature
700 _aআব্দুল গণি হাজারী।
999 _c4345
_d4345